Χώρες που έκαναν ομαλή προσεδάφιση στη Σελήνη - Statistics

General Stats
  • This quiz has been taken 28 times
  • The average score is 4 of 5
Answer Stats
Αποστολή Χώρα Χρόνος % Correct
Surveyor 1 Ηνωμένες Πολιτείες 1966
100%
Chang’e 3 Κίνα 2013
95%
Luna 9 Σοβιετική Ένωση 1966
82%
SLIM Ιαπωνία 2024
77%
Chandrayaan-3 Ινδία 2023
59%
No matching quizzes found
Score Distribution
Percent of People with Each Score
Percentile by Number Answered
Your Score History
You have not taken this quiz